000 01843ngm a22003370a 4500
001 PT47154
003 AR-LpoUNG
005 20210202000004.0
007 vd cvaizq
008 191001s2012||||ag |||||||||||||||||spa d
037 _c$10
040 _aAR-LpoUNG
_bspa
_cAR-LpoUNG
_eaacr
041 _aspa
_aeng
044 _aag
082 0 _a808.068 726hot
100 1 _aTartakovsky, Genndy
_edir.
245 1 0 _aHotel Transylvania
260 _aBuenos Aires :
_bSony Pictures Animation,
_c2012.
300 _aDVD (91 min.) : son., col.
505 0 _aSubtitulada en español, inglés e inglés SDH. Incluye material extra: "Adiós Sr. Pie", mini-película dirigida y animada por Genndy Tartakovsky; documental y video musical de "Problem Monster Remix", de Becky G.; escenas eliminadas; comentario de los realizadores y enlace del DVD-Rom a juegos divertidos. Reparto: Adam Sandler, Andy Samberg, Selena Gomez, Kevin James, Fran Drescher, Steve Buscemi, Molly Shannon, David Spade, Cee-Lo, Jon Lovitz.
520 _aBienvenido al Hotel Transylvania, el lujoso destino vacacional de cinco estacas de Drácula, donde los monstruos y sus familias pueden gozar de la vida y los humanos tienen prohibida la entrada. En un fin de semana especial, Drácula ha invitado a todos sus mejores amigos -Frankenstein y su esposa, la Momia, el Hombre Invisible, la familia del Hombre Lobo, y más- para celebrar el 118§ cumpleaños de su adorada hija. Para Drácula, atender a todos estos legendarios monstruos no es problema, pero la fiesta comienza cuando un tipo ordinario llega al hotel por accidente y cambia todo.
653 _aANIMACION
653 _aCOMEDIA
653 _aDVD
653 _aTERROR
653 _aVIDEOS
653 _aVIDEOS INFANTILES
710 2 _aColumbia Pictures (California)
905 _a47154
942 _cDVD
999 _c53916
_d53916